Holidays A-Z Quiz Stats

 Plays Quiz Updated Sep 4, 2015

Score 0/21 Timer 06:00
2 Plays Today
% Correct
Christmas
97%
Easter
96.1%
Halloween
95.5%
Father's Day
94.9%
Independence Day
94.4%
Groundhog Day
92.7%
Saint Patrick's Day
91.9%
Thanksgiving
90.8%
Valentine's Day
89.8%
New Year's Day
87.8%
Memorial Day
86.7%
% Correct
Oktoberfest
85.9%
Arbor Day
83.2%
Labour Day (Labor Day)
79.2%
Día de Los Muertos (Day of the Dead)
78.4%
Washington's Birthday
76.2%
Boxing Day
72.4%
Passover
72.3%
Kwanzaa
67.6%
Yom Kippur
61.1%
Remembrance Day
55.5%

You're not logged in!

Compare scores with friends on all Sporcle quizzes.
OR
Log In

Show Comments

Extras

Top Quizzes Today


Score Distribution

Your Account Isn't Verified!

In order to create a playlist on Sporcle, you need to verify the email address you used during registration. Go to your Sporcle Settings to finish the process.

Report this User

Report this user for behavior that violates our Community Guidelines.

Details: